00525nam a22001577a 450000500170000001000150001702000300003203500140006203700130007608200130008910000150010224500740011726000450019127000660023630000650030220201222121739.0 aENG-128701 a978-0-19-948817-9c550.00 aEN-112233 bDBAD/PUB a954.8204 aNarayan, S aThe Dravidian Years: Politics, and Welfare in Tamil Nadu/bS. Narayan aNew DelhibOxford University Pressc2018 bNew Delhie110002a2/11, Ground Floor, Ansari Road, Daryaganj axxiii+262p.c22cm(hbk)bIncluding bibliographical refernces.